000 00637nam a2200241Ia 4500
003 OSt
005 20220918200533.0
006 a|||||r|||| 00| 0
007 ta
008 220917b |||||||| |||| 00| 0 eng d
024 _a89,223
037 _cTextual
040 _aARTS
_cARTS
_beng
041 _2eng
_aeng
082 _aT9(Y4), L4
100 _aMarland Sidney P.
_994534
245 0 _aCareer education
_bA proposal for reform
260 _aNew York
_bMcGraw Hill
_c1974
300 _axiii, 334p.
_ccm.
650 _aEDUCATION
942 _hT9(Y4), L4
_cTEXL
_2CC
999 _c212893
_d212893